[Event "Zaporozhye Ermak Cup 7th"]
[Site "Zaporozhye"]
[Date "2011.06.30"]
[Round "8"]
[White "Burkhach, Alexander"]
[Black "Kazakov, Maksym"]
[Result "1-0"]
[WhiteElo "2165"]
[BlackElo "1931"]
[PlyCount "43"]
[EventDate "2011.06.25"]
[EventType "swiss"]
[EventRounds "9"]
[EventCountry "UKR"]
[SourceTitle "CBM 143 Extra"]
[Source "ChessBase"]
[SourceDate "2011.08.29"]
[SourceVersion "1"]
[SourceVersionDate "2011.08.29"]
[SourceQuality "1"]

1. e4 c5 2. Nf3 Nc6 3. d4 cxd4 4. Nxd4 e5 5. Nb5 a6 6. Nd6+ Bxd6 7. Qxd6 Qf6 8. Qc7 Nge7 9. f3 d5 10. Nc3 Nb4 11. Nxd5 Nexd5 12. exd5 Bf5 13. Bd3 Nxd3+ 14. cxd3 Rc8 15. Qxb7 0-0 16. 0-0 Rc2 17. Qb3 Rfc8 18. Be3 Qg6 19. Rf2 Rxf2 20. Kxf2 Bxd3 21. Rc1 Rxc1 22. Qb8+ 1-0